[Event "Kvika Reykjavik Open 2022"]
[Site "Reykjavik ISL"]
[Date "2022.04.12"]
[Round "9.78"]
[White "Haugen, Lars Tormod"]
[Black "Mirza, Diana"]
[Result "1/2-1/2"]
[BlackTitle "WFM"]
[WhiteElo "1741"]
[BlackElo "1905"]
[WhiteFideId "1559966"]
[BlackFideId "2503999"]
[EventDate "2022.04.06"]

1. c4 c5 2. Nc3 Nc6 3. g3 g6 4. Bg2 Bg7 5. a3 e6 6. b4 d6 7. bxc5 dxc5 8. Bxc6+
bxc6 9. Bb2 Rb8 10. Rb1 Ne7 11. Ba1 Ba6 12. Rxb8 Qxb8 13. Ne4 e5 14. d3 Qc7 15.
Nf3 f5 16. Neg5 Bc8 17. Nd2 O-O 18. h4 h6 19. Ngf3 Be6 20. Bc3 e4 21. Bxg7 Kxg7
22. dxe4 fxe4 23. Qa1+ Kg8 24. Nxe4 Bxc4 25. Nf6+ Kf7 26. Ne5+ Kxf6 27. Nxc4+
Ke6 28. O-O Nf5 29. Rd1 Nd4 30. Qa2 Ke7 31. Rd3 Rf6 32. Qd2 Qd7 33. Kg2 Qd5+ 34.
f3 g5 35. Ne3 Qd7 36. hxg5 hxg5 37. Ng4 Rf5 38. e3 Rxf3 39. Ne5 Qd5 40. Rxd4
Rxg3+ 41. Kxg3 Qxe5+ 42. Kg4 cxd4 43. exd4 Qd5 44. Qxg5+ Qxg5+ 45. Kxg5 Ke6 46.
Kf4 Kd5 47. Ke3 Kc4 48. Ke4 a5 49. a4 Kb4 50. d5 cxd5+ 51. Kxd5 Kxa4 52. Kc4 1/2-1/2

[Event "Kvika Reykjavik Open 2022"]
[Site "Reykjavik ISL"]
[Date "2022.04.12"]
[Round "9.79"]
[White "Schmidt, Kai-Uwe"]
[Black "Hauksdottir, Hrund"]
[Result "1-0"]
[WhiteElo "1904"]
[BlackElo "1746"]
[WhiteFideId "4608755"]
[BlackFideId "2302608"]
[EventDate "2022.04.06"]

1. Nf3 d5 2. d4 Nf6 3. c4 c6 4. e3 e6 5. b3 Nbd7 6. Bb2 b6 7. Bd3 Bb7 8. O-O Be7
9. Nc3 O-O 10. Qe2 c5 11. cxd5 exd5 12. Rfd1 Re8 13. Rac1 a6 14. Bf5 Bd6 15.
Bxd7 Qxd7 16. Na4 Qb5 17. Qxb5 axb5 18. dxc5 bxa4 19. cxd6 axb3 20. axb3 Red8
21. Rc7 Rab8 22. Rdc1 Ne4 23. Be5 f6 24. Bd4 Nxd6 25. Bxb6 Rdc8 26. Ra1 Nb5 27.
Rxc8+ Bxc8 28. Bc5 Bd7 29. b4 Kf7 30. h3 Rb7 31. Kf1 Bf5 32. Nd2 Bd3+ 33. Kg1
Kg6 34. f3 Kf5 35. Kf2 h5 36. Ra8 Kg6 37. Ra6 Kf5 38. Ra5 Ke5 39. Ra8 Kf5 40.
Nb3 Kg6 41. g3 Nc7 42. Ra7 Rxa7 43. Bxa7 Nb5 44. Bc5 Kf5 45. Na5 Ke6 46. Nb7 Kd7
47. Bf8 g6 48. Nc5+ Ke8 49. Nxd3 Kxf8 50. Nf4 Kf7 51. Nxd5 Ke6 52. Nf4+ Kf5 53.
h4 g5 54. e4+ Ke5 55. Nxh5 1-0

[Event "Kvika Reykjavik Open 2022"]
[Site "Reykjavik ISL"]
[Date "2022.04.12"]
[Round "9.80"]
[White "Haraldsson, Haraldur"]
[Black "Bryant, Harry"]
[Result "1-0"]
[WhiteElo "1903"]
[BlackElo "1425"]
[WhiteFideId "2311100"]
[BlackFideId "489158"]
[EventDate "2022.04.06"]

1. e4 c5 2. Nf3 d6 3. d4 cxd4 4. Nxd4 Nf6 5. Nc3 g6 6. Be2 Bg7 7. Be3 O-O 8. O-O
Nc6 9. h3 Bd7 10. Qd2 h5 11. f4 Nxd4 12. Bxd4 Ne8 13. Kh1 Qc8 14. Nd5 Qd8 15. f5
Bc6 16. Bxg7 Nxg7 17. f6 Re8 18. fxg7 Kxg7 19. Rf3 f6 20. Nf4 Qd7 21. Qe3 e5 22.
Nd3 f5 23. Nf2 f4 24. Qd2 Qe6 25. Rd1 Rad8 26. Rd3 Bb5 27. Rb3 Bc6 28. c4 b6 29.
Rd3 Qxc4 30. Rc3 Qa4 31. b3 1-0

[Event "Kvika Reykjavik Open 2022"]
[Site "Reykjavik ISL"]
[Date "2022.04.12"]
[Round "9.81"]
[White "Omarsson, Adam"]
[Black "Arnalds, Stefan"]
[Result "1-0"]
[WhiteElo "1740"]
[BlackElo "1900"]
[WhiteFideId "2311453"]
[BlackFideId "2304821"]
[EventDate "2022.04.06"]

1. d4 Nf6 2. Bf4 d5 3. e3 Bf5 4. Nf3 e6 5. Nbd2 Bd6 6. Ne5 O-O 7. Bg3 c5 8. c3
c4 9. Be2 h6 10. O-O Nc6 11. b3 cxb3 12. axb3 Ne4 13. Nxe4 Bxe4 14. Bd3 Bxd3 15.
Nxd3 Bxg3 16. hxg3 b6 17. Qg4 Rc8 18. c4 Na5 19. cxd5 Nxb3 20. Rxa7 Qxd5 21. Ne5
Ra8 22. Nd7 Qb5 23. Rb7 Nd2 24. Rd1 Qc6 25. Nxf8 Qxb7 26. Nxe6 fxe6 27. Qxe6+
Kh8 28. Rxd2 b5 29. Rb2 b4 30. Kh2 Rb8 31. d5 b3 32. d6 Qb5 33. g4 Qc6 34. Rxb3
Rxb3 35. Qxb3 Qxd6+ 36. g3 Qf6 37. Qb8+ Kh7 38. Qf4 Qe6 39. e4 Kg8 40. e5 Qe8
41. Qc4+ Kh8 42. f4 Qd7 43. Qe2 g6 44. e6 Qe7 45. f5 Kg7 46. Qe5+ Kh7 47. f6 Qd8
48. Qe2 Kg8 49. e7 Qe8 50. Qe6+ 1-0

[Event "Kvika Reykjavik Open 2022"]
[Site "Reykjavik ISL"]
[Date "2022.04.12"]
[Round "9.82"]
[White "Kolka, Dawid"]
[Black "Thorsteinsson, Thorsteinn Jakob F"]
[Result "1/2-1/2"]
[WhiteElo "1897"]
[BlackElo "1394"]
[WhiteFideId "2308010"]
[BlackFideId "2317940"]
[EventDate "2022.04.06"]

1. e4 c6 2. d4 d5 3. f3 dxe4 4. fxe4 e5 5. Nf3 Bg4 6. Bc4 Nd7 7. c3 Bh5 8. Qb3
b5 9. Be2 Ngf6 10. Bg5 Be7 11. Nbd2 Bg6 12. O-O Nxe4 13. Nxe4 Bxe4 14. Nxe5 Nxe5
15. dxe5 Bc5+ 16. Kh1 Bxg2+ 17. Kxg2 Qxg5+ 18. Kh1 O-O 19. e6 Qe7 20. exf7+ Rxf7
21. Rae1 Qe4+ 22. Bf3 Qc4 23. Bxc6 Qxb3 24. axb3 Rxf1+ 25. Rxf1 Rb8 26. Rf5 Be3
27. Bxb5 Bc1 28. Bc4+ Kh8 29. Rf2 Rd8 30. b4 Rd1+ 31. Bf1 g6 32. Kg2 Rd2 33.
Rxd2 Bxd2 34. b5 Kg7 35. Kf3 Kf6 36. Ke4 Ke6 37. Kd4 Kd6 38. Kc4 g5 39. Be2 Bf4
40. h3 h6 41. Kb4 Be3 42. Ka5 Bc1 43. b4 Bd2 44. c4 Kc7 45. Bf3 Bc3 46. c5 Bd2
47. Ka4 Bc3 48. Kb3 Bd2 49. Kc4 Be1 50. Be2 Bd2 51. Bh5 Be1 52. Be8 Bd2 53. Kb3
Be1 54. Ka4 Bc3 55. Ka5 Bd2 56. Bh5 Bc3 57. c6 Bd2 58. Ka6 Be3 59. Ka5 1/2-1/2

[Event "Kvika Reykjavik Open 2022"]
[Site "Reykjavik ISL"]
[Date "2022.04.12"]
[Round "9.83"]
[White "Kristinsson, Magnus"]
[Black "Hughes, Anthony"]
[Result "1-0"]
[BlackTitle "CM"]
[WhiteElo "1734"]
[BlackElo "1869"]
[WhiteFideId "2305682"]
[BlackFideId "1803093"]
[EventDate "2022.04.06"]

1. c4 e6 2. Nf3 d5 3. d4 Nf6 4. Nc3 a6 5. cxd5 exd5 6. Bg5 c6 7. Qc2 Be7 8. e3
O-O 9. Bd3 h6 10. Bf4 Re8 11. O-O-O b5 12. Ne5 Be6 13. Kb1 c5 14. dxc5 Bxc5 15.
Nxb5 Qb6 16. Nd4 Bxd4 17. exd4 Rc8 18. Qa4 Nc6 19. Nxc6 Rxc6 20. Rc1 Bd7 21.
Rxc6 Bxc6 22. Qc2 Rc8 23. Qc5 Qb7 24. Rc1 g5 25. Be3 Kg7 26. h3 Nd7 27. Qa5 Rb8
28. Rc2 Ra8 29. Bf5 Nb6 30. Qc5 Nc4 31. Bc1 Rb8 32. b3 a5 33. Bb2 a4 34. Rxc4
axb3 35. a3 Bd7 36. Bxd7 dxc4 37. d5+ f6 38. Qe7+ Kg6 39. Qxf6+ Kh5 40. g4+ 1-0

[Event "Kvika Reykjavik Open 2022"]
[Site "Reykjavik ISL"]
[Date "2022.04.12"]
[Round "9.88"]
[White "Moller, Tomas"]
[Black "Carlsson, Gustav"]
[Result "0-1"]
[WhiteElo "1340"]
[BlackElo "2008"]
[WhiteFideId "2315343"]
[BlackFideId "1734148"]
[EventDate "2022.04.06"]

1. c4 e5 2. Nc3 Nc6 3. g3 g6 4. Bg2 Bg7 5. e4 d6 6. Nge2 Nge7 7. O-O O-O 8. d3
Be6 9. Be3 Nd4 10. Qd2 Bh3 11. Bxd4 Bxg2 12. Kxg2 exd4 13. Nd5 Nxd5 14. cxd5 c6
15. dxc6 bxc6 16. Rac1 d5 17. Rxc6 dxe4 18. dxe4 Qe8 19. Rc4 Qxe4+ 20. f3 Qe6
21. Qd3 Rad8 22. Rd1 Rfe8 23. Rd2 Qb6 24. Qc2 Rxe2+ 25. Rxe2 d3 26. Qd2 dxe2 27.
Qxe2 Qxb2 28. Qxb2 Bxb2 29. Ra4 Bd4 30. Kh3 Bb6 31. Rc4 Rd2 0-1

[Event "Kvika Reykjavik Open 2022"]
[Site "Reykjavik ISL"]
[Date "2022.04.12"]
[Round "9.89"]
[White "Lewis, Stephen"]
[Black "Kewalramani, Abhir"]
[Result "1-0"]
[WhiteElo "1929"]
[BlackElo "1474"]
[WhiteFideId "479713"]
[BlackFideId "366196828"]
[EventDate "2022.04.06"]

1. d4 d5 2. Nc3 Nf6 3. Bf4 c5 4. e3 Bg4 5. f3 Bd7 6. Qd2 e6 7. a3 Be7 8. g4 Nc6
9. Nge2 O-O 10. h4 Kh8 11. Ng3 cxd4 12. exd4 Qb6 13. O-O-O Rfc8 14. Na4 Na5 15.
Nxb6 Nb3+ 16. Kb1 Nxd2+ 17. Rxd2 axb6 18. g5 Ne8 19. h5 Nd6 20. g6 f6 21. gxh7
Nc4 22. Rg2 e5 23. dxe5 fxe5 24. Bc1 Kxh7 25. Bd3+ Kh8 26. Bg6 Be6 27. h6 Rc5
28. hxg7+ Kxg7 29. Nh5+ Kh8 30. Nf4+ Kg7 31. Nxe6+ Kf6 32. Nxc5 Bxc5 33. Bd3 1-0

[Event "Kvika Reykjavik Open 2022"]
[Site "Reykjavik ISL"]
[Date "2022.04.12"]
[Round "9.90"]
[White "Koes, Richard"]
[Black "Smith, Chris P"]
[Result "1/2-1/2"]
[WhiteElo "1807"]
[BlackElo "1454"]
[WhiteFideId "1020528"]
[BlackFideId "424617"]
[EventDate "2022.04.06"]

1. Nc3 d6 2. e4 Nf6 3. d4 g6 4. f4 Bg7 5. Nf3 O-O 6. Be2 c5 7. d5 e6 8. O-O exd5
9. exd5 Na6 10. Nd2 Nc7 11. Bf3 b5 12. Nde4 Rb8 13. Ng3 b4 14. Nce2 Bb7 15. c4
bxc3 16. Nxc3 a6 17. a4 Re8 18. f5 Ba8 19. Bg5 Qd7 20. fxg6 fxg6 21. Qd2 Re5 22.
Bf4 Ree8 23. Rae1 Qd8 24. Bg5 Qd7 25. Bxf6 Bxf6 26. Nce4 Bg7 27. Qg5 Qd8 28. Bg4
Qxg5 29. Nxg5 Bxd5 30. N5e4 Rxb2 31. Bf3 Bd4+ 32. Kh1 Bxe4 33. Bxe4 d5 34. Bxd5+
Kh8 35. Rxe8+ Nxe8 36. Ne4 Nf6 37. Nxf6 Bxf6 38. g3 Bd4 39. Rf8+ Kg7 40. Ra8 Rb6
41. a5 Rd6 42. Bc4 Bc3 43. Rxa6 1/2-1/2

[Event "Kvika Reykjavik Open 2022"]
[Site "Reykjavik ISL"]
[Date "2022.04.12"]
[Round "9.92"]
[White "Smith, Lynda"]
[Black "De Wachter, Livia"]
[Result "1-0"]
[WhiteTitle "WCM"]
[WhiteElo "1772"]
[BlackElo "1171"]
[WhiteFideId "1800191"]
[BlackFideId "255505"]
[EventDate "2022.04.06"]

1. g3 d5 2. Bg2 Nf6 3. f4 h5 4. Nf3 Bg4 5. Ne5 Bf5 6. h3 Nbd7 7. Nxd7 Qxd7 8. d3
e6 9. e3 Bc5 10. Qe2 O-O 11. Nd2 c6 12. Nf3 Qd8 13. Bd2 Qb6 14. Rb1 Bh7 15. Ne5
Bb4 16. g4 Bxd2+ 17. Qxd2 Qc7 18. Bf3 hxg4 19. hxg4 Nd7 20. Nxd7 Qxd7 21. Qh2 1-0

[Event "Kvika Reykjavik Open 2022"]
[Site "Reykjavik ISL"]
[Date "2022.04.12"]
[Round "9.93"]
[White "Banerjee, Aryan"]
[Black "Ostensson, Julia"]
[Result "0-1"]
[WhiteElo "1374"]
[BlackElo "1731"]
[WhiteFideId "1765035"]
[BlackFideId "1747703"]
[EventDate "2022.04.06"]

1. d4 Nf6 2. c4 d6 3. Nc3 g6 4. e4 Bg7 5. Be2 O-O 6. Be3 Nbd7 7. g4 c6 8. g5 Ne8
9. h4 Nc7 10. d5 c5 11. Qc2 b5 12. Nxb5 Nxb5 13. cxb5 a6 14. bxa6 Bxa6 15. Bxa6
Rxa6 16. Bd2 Qa8 17. a3 e6 18. Bc3 Bxc3+ 19. Qxc3 Ra4 20. O-O-O Rxe4 21. dxe6
Rxe6 22. Nh3 Re4 23. f3 Rd4 24. Rxd4 cxd4 25. Qd3 Ne5 26. Qxd4 Qxf3 27. Qg1 Qd3
28. b3 Rc8+ 0-1

[Event "Kvika Reykjavik Open 2022"]
[Site "Reykjavik ISL"]
[Date "2022.04.12"]
[Round "9.94"]
[White "Steiners, Emils"]
[Black "Omarsson, Josef"]
[Result "1-0"]
[WhiteElo "1731"]
[BlackElo "1352"]
[WhiteFideId "11629991"]
[BlackFideId "2316102"]
[EventDate "2022.04.06"]

1. e4 c5 2. d4 cxd4 3. c3 dxc3 4. Nxc3 Nc6 5. Bc4 d6 6. Nf3 a6 7. O-O Nf6 8. Qe2
Bg4 9. Rd1 Bxf3 10. Qxf3 Ne5 11. Qe2 Nxc4 12. Qxc4 Rc8 13. Qe2 Qc7 14. Bf4 e5
15. Bg5 Be7 16. Rac1 Qd8 17. Bxf6 Bxf6 18. Nd5 Rxc1 19. Rxc1 O-O 20. h3 Bg5 21.
Rc7 Qb8 22. Qg4 Bd2 23. Qd7 Bg5 24. g3 Qa7 25. h4 Bd8 26. Rc8 g6 27. Rxd8 Qd4
28. Rxf8+ Kxf8 29. Qxd6+ Kg7 30. Qf6+ Kg8 31. Qg5 Qxe4 32. Nf6+ 1-0

[Event "Kvika Reykjavik Open 2022"]
[Site "Reykjavik ISL"]
[Date "2022.04.12"]
[Round "9.95"]
[White "Hafdisarson, Ingi Thor"]
[Black "Riedelsheimer, Julia"]
[Result "0-1"]
[WhiteElo "1314"]
[BlackElo "1663"]
[WhiteFideId "2306956"]
[BlackFideId "16212193"]
[EventDate "2022.04.06"]

1. d4 f5 2. Bf4 Nf6 3. e3 e6 4. Be2 Bd6 5. Bxd6 cxd6 6. Nf3 b6 7. O-O O-O 8. c4
d5 9. Nc3 dxc4 10. Bxc4 d5 11. Bb3 Ba6 12. Re1 Ne4 13. Nxe4 fxe4 14. Ne5 Nd7 15.
Nc6 Qf6 16. Qd2 Bb7 17. Nb4 a5 18. Nc2 a4 19. Bxa4 Rxa4 20. b3 Raa8 21. Nb4 Rac8
22. Rec1 Nb8 23. a4 Na6 24. Na2 e5 25. b4 exd4 26. exd4 Nc7 27. Rd1 Ne6 28. Rac1
Nf4 29. Nc3 Nd3 30. Rc2 Nxb4 31. Nxe4 dxe4 32. Rxc8 Bxc8 0-1

[Event "Kvika Reykjavik Open 2022"]
[Site "Reykjavik ISL"]
[Date "2022.04.12"]
[Round "9.96"]
[White "Johannsson, Markus Orri"]
[Black "Adavatkar, Rugved"]
[Result "0-1"]
[WhiteElo "1288"]
[BlackElo "1652"]
[WhiteFideId "2318539"]
[BlackFideId "1055011"]
[EventDate "2022.04.06"]

1. e4 c5 2. Nf3 Nc6 3. Bb5 d6 4. c3 Nf6 5. d3 Bd7 6. Bg5 Qb6 7. Bxc6 Bxc6 8. Qc2
c4 9. Bxf6 cxd3 10. Qxd3 gxf6 11. Qc2 Rg8 12. Nh4 Rg4 13. Nf3 Rxg2 14. Rg1 Bxe4
15. Qa4+ Bc6 16. Qxc6+ Qxc6 17. Rxg2 Qxf3 18. Rg1 Qe4+ 19. Kd1 Qd3+ 20. Ke1 Qc2
21. Nd2 Qxb2 22. Rb1 Qxc3 23. Rxb7 Qc1+ 24. Ke2 Qxg1 0-1

[Event "Kvika Reykjavik Open 2022"]
[Site "Reykjavik ISL"]
[Date "2022.04.12"]
[Round "9.97"]
[White "Hallmundarson, Birkir"]
[Black "Zamvar, Vipin"]
[Result "1-0"]
[WhiteElo "1162"]
[BlackElo "1620"]
[WhiteFideId "2319446"]
[BlackFideId "2403749"]
[EventDate "2022.04.06"]

1. Nf3 d5 2. c4 Nf6 3. cxd5 Nxd5 4. e4 Nb6 5. Nc3 Bg4 6. a4 a5 7. d3 e6 8. Be3
N8d7 9. Be2 Bb4 10. O-O O-O 11. h3 Bh5 12. Nd4 Bxe2 13. Ndxe2 Ne5 14. Bxb6 cxb6
15. d4 Nc6 16. f4 Qe7 17. f5 Rad8 18. fxe6 fxe6 19. Rxf8+ Rxf8 20. Qb3 Kh8 21.
d5 exd5 22. exd5 Qc5+ 23. Kh1 Ne7 24. Rd1 Nf5 25. Rf1 Ne3 26. Rf4 Qd6 27. Nb5
Qe5 28. Qxb4 Rxf4 29. Qxf4 Qxf4 30. Nxf4 Kg8 31. Kg1 Kf7 32. d6 Nc4 33. Nd3 Ke6
34. Kf2 g5 35. Kf3 h5 36. h4 gxh4 37. Kf4 Kf6 38. d7 Ke7 39. Nd4 Nd6 40. Nf5+
Kxd7 41. Nxd6 Kxd6 42. Ke4 Kc6 43. Kd4 b5 44. Ne5+ Kb6 45. b3 bxa4 46. bxa4 Kc7
47. Kc5 b6+ 48. Kb5 Kd6 49. Ng6 Ke6 50. Kxb6 Kf5 51. Kxa5 1-0

[Event "Kvika Reykjavik Open 2022"]
[Site "Reykjavik ISL"]
[Date "2022.04.12"]
[Round "9.103"]
[White "Briem, Gudrun Fanney"]
[Black "Grose, Kameron"]
[Result "1-0"]
[WhiteElo "1364"]
[BlackElo "1681"]
[WhiteFideId "2317486"]
[BlackFideId "474010"]
[EventDate "2022.04.06"]

1. d4 d5 2. Bf4 Nf6 3. Nf3 Bf5 4. e3 e6 5. Bd3 Bg6 6. c3 Nbd7 7. Qc2 c5 8. Nbd2
Be7 9. Bg3 O-O 10. Bxg6 hxg6 11. Ne5 Rc8 12. h3 Qb6 13. Qb3 Rfd8 14. Bh4 Bd6 15.
Nxd7 Rxd7 16. Bxf6 gxf6 17. Qxb6 axb6 18. h4 e5 19. dxc5 bxc5 20. h5 Bf8 21.
hxg6 fxg6 22. Rb1 Kg7 23. g3 d4 24. Nc4 b5 25. Nb6 Rcd8 26. Nxd7 Rxd7 27. exd4
cxd4 28. cxd4 Bb4+ 29. Ke2 Rxd4 30. Rhd1 Rc4 31. Rbc1 Re4+ 32. Kf3 f5 33. Rd7+
Kh6 34. Rd5 Rg4 35. Rxe5 1-0

[Event "Kvika Reykjavik Open 2022"]
[Site "Reykjavik ISL"]
[Date "2022.04.12"]
[Round "9.104"]
[White "Thorisson, Bjartur"]
[Black "Bulacio, Juan Manuel"]
[Result "1/2-1/2"]
[WhiteElo "1292"]
[BlackElo "1636"]
[WhiteFideId "2314916"]
[BlackFideId "20006330"]
[EventDate "2022.04.06"]

1. e4 Nf6 2. Nc3 d5 3. exd5 Nxd5 4. Nxd5 Qxd5 5. d4 Bf5 6. Nf3 e6 7. Be2 c5 8.
c3 Nc6 9. O-O cxd4 10. cxd4 Be7 11. Be3 O-O 12. a3 Rfd8 13. Rc1 Bf6 14. Rc4 a6
15. Qd2 Rac8 16. Rfc1 Qd7 17. h3 Be4 18. Bg5 Be7 19. Bxe7 Nxe7 20. Ne5 Qd5 21.
f3 Bf5 22. Qb4 Rxc4 23. Rxc4 Ng6 24. Nxg6 Bxg6 25. Rc7 Rd7 26. Rc8+ Rd8 27. Qxb7
Qxd4+ 28. Kh1 h6 29. Rxd8+ Qxd8 30. Bxa6 Qd1+ 31. Kh2 Qd6+ 32. Kh1 Qd1+ 1/2-1/2

[Event "Kvika Reykjavik Open 2022"]
[Site "Reykjavik ISL"]
[Date "2022.04.12"]
[Round "9.105"]
[White "Natoli, Domenico"]
[Black "Hoskuldsson, Sigurdur Heidar"]
[Result "1-0"]
[WhiteElo "1608"]
[BlackElo "1321"]
[WhiteFideId "806277"]
[BlackFideId "2319675"]
[EventDate "2022.04.06"]

1. d4 g6 2. c4 Bg7 3. Nc3 d6 4. e4 b6 5. f4 e6 6. Nf3 Ne7 7. Bd3 O-O 8. O-O c5
9. d5 exd5 10. cxd5 Bb7 11. f5 Nd7 12. Be3 a6 13. a4 Qc7 14. Qd2 Nf6 15. Bh6 c4
16. Bc2 Rae8 17. Bxg7 Kxg7 18. h3 Rh8 19. Rfe1 Bc8 20. Ng5 gxf5 21. exf5 Reg8
22. Nce4 Nxf5 23. Nxf6 Kxf6 24. Bxf5 Rxg5 25. Qd4+ Kxf5 26. Qxh8 Qc5+ 27. Kh1
Qxd5 28. Qxh7+ Kf6 29. Rf1+ Ke7 30. Qc2 b5 31. axb5 axb5 32. Qf2 Kd7 33. Qa7+
Kc6 34. Rf2 f5 35. Qe3 b4 36. Qxg5 1-0

[Event "Kvika Reykjavik Open 2022"]
[Site "Reykjavik ISL"]
[Date "2022.04.12"]
[Round "9.106"]
[White "Signyjarson, Arnar Smari"]
[Black "Palsson, Oli"]
[Result "1-0"]
[WhiteElo "1565"]
[BlackElo "1295"]
[WhiteFideId "2316340"]
[BlackFideId "2320142"]
[EventDate "2022.04.06"]

1. e4 e5 2. Nf3 Nc6 3. d4 exd4 4. Nxd4 Nf6 5. Nc3 Bc5 6. Be3 Bxd4 7. Bxd4 Nxd4
8. Qxd4 d6 9. O-O-O O-O 10. f3 Be6 11. g4 a5 12. h4 Nd7 13. Be2 Qf6 14. Qe3 Ne5
15. g5 Qe7 16. f4 Nc4 17. Bxc4 Bxc4 18. Qd4 Be6 19. f5 c5 20. Qf2 Bc4 21. f6 Qe5
22. Nd5 Bxd5 23. exd5 Qe4 24. Rhe1 Qc4 25. fxg7 Rfe8 26. Rxe8+ Rxe8 27. b3 Re2
28. Qxf7+ Kxf7 29. Rf1+ Kxg7 30. bxc4 Re4 31. Rf6 Rxc4 32. Rxd6 Rxh4 33. Rb6 Rd4
34. Rxb7+ Kg6 35. Rd7 c4 36. Kb2 Kxg5 37. Kc3 Rd1 38. Rxh7 Rxd5 39. Rf7 Rc5 40.
Kd4 Rc8 41. Ra7 Kf6 42. Rxa5 Ke6 43. a4 Kd6 44. Rh5 Ra8 45. a5 Kc6 46. Kxc4 Kb7
47. Kb5 Ka7 48. Rh7+ Kb8 49. Kb6 1-0

[Event "Kvika Reykjavik Open 2022"]
[Site "Reykjavik ISL"]
[Date "2022.04.12"]
[Round "9.107"]
[White "Grettisson, Arnar Breki"]
[Black "Eythorsson, Engilbert Vidar"]
[Result "1-0"]
[WhiteElo "1518"]
[BlackElo "1253"]
[WhiteFideId "2322790"]
[BlackFideId "2321769"]
[EventDate "2022.04.06"]

1. e4 e6 2. d4 d5 3. Nd2 c5 4. Ngf3 Qa5 5. c3 cxd4 6. Nxd4 Bc5 7. b4 Bxb4 8.
cxb4 Qxb4 9. Bb5+ Bd7 10. Bxd7+ Nxd7 11. Nc2 Qc3 12. O-O Rc8 13. Ba3 b5 14. exd5
b4 15. Ne4 Qxc2 16. Nd6+ Kf8 17. Nxc8 Qxd1 18. Bxb4+ Ke8 19. Nd6+ Kd8 20. Raxd1
Nh6 21. dxe6 fxe6 22. Bd2 Ke7 23. Bxh6 gxh6 24. Rfe1 Rf8 25. Nc4 Nf6 26. Rd3 Ng4
27. f3 Nf6 28. Rde3 Nh5 29. Rxe6+ Kd7 30. Rd6+ Kc8 31. Re7 Nf4 32. Rxa7 Kb8 33.
Rdd7 Nd5 34. Rdb7+ Kc8 35. Nd6+ Kd8 36. Ra8# 1-0

[Event "Kvika Reykjavik Open 2022"]
[Site "Reykjavik ISL"]
[Date "2022.04.12"]
[Round "9.108"]
[White "Brynjarsson, Orvar Holm"]
[Black "Gudnyjarson, Sigurdur Pall"]
[Result "0-1"]
[WhiteElo "1211"]
[BlackElo "1420"]
[WhiteFideId "2321726"]
[BlackFideId "2321637"]
[EventDate "2022.04.06"]

1. e4 e6 2. d4 d5 3. e5 c5 4. c3 Nc6 5. Nf3 Bd7 6. Be3 cxd4 7. cxd4 Qb6 8. Qd2
Bb4 9. Nc3 Rc8 10. Bd3 Na5 11. a3 Bxc3 12. bxc3 Nb3 13. Qb2 Nxa1 14. Qxa1 Bb5
15. Qd1 Bxd3 16. Qxd3 Qb2 17. O-O Rxc3 18. Rb1 Rxd3 19. Rc1 Qxc1+ 20. Bxc1 Rd1+
21. Ne1 Rxe1# 0-1

[Event "Kvika Reykjavik Open 2022"]
[Site "Reykjavik ISL"]
[Date "2022.04.12"]
[Round "9.110"]
[White "Jonsson, Olafur Gisli"]
[Black "Sundberg, William"]
[Result "1-0"]
[WhiteElo "1847"]
[BlackElo "1279"]
[WhiteFideId "2302705"]
[BlackFideId "1742043"]
[EventDate "2022.04.06"]

1. d4 d5 2. Nf3 Nf6 3. c4 c6 4. Nc3 g6 5. e3 Bg7 6. Bd3 Bg4 7. h3 Bxf3 8. Qxf3
O-O 9. O-O e6 10. b3 Qc7 11. Bb2 h5 12. Rac1 Nbd7 13. cxd5 Nxd5 14. Nxd5 exd5
15. Qxd5 Nf6 16. Qf3 Qa5 17. Bb1 Qd5 18. e4 Qe6 19. Rcd1 Rad8 20. Rfe1 Nh7 21.
d5 cxd5 22. exd5 Qd6 23. Bxg7 Kxg7 24. Qe3 Nf6 25. Qxa7 Qa6 26. Qxa6 bxa6 27. d6
Rd7 28. Rd4 Rfd8 29. Red1 Ne8 30. Kf1 Rxd6 31. Rxd6 Rxd6 32. Rxd6 Nxd6 33. Bd3
a5 34. Ke2 Kf6 35. Bc4 Ke5 36. Kd3 f5 37. a3 Ne4 38. f3 Nc5+ 39. Kc3 Kf4 40. Bf7
Kg3 41. Bxg6 Kxg2 42. Bxf5 Kxf3 43. Kc4 Nb7 44. Bd7 Ke3 45. Kb5 Kd4 46. Be6 Ke5
47. Bg8 Kf4 48. Kb6 Nd6 49. Kxa5 Kg3 50. Be6 Nb7+ 51. Kb6 Nd6 52. a4 1-0